David Bates (Record no. 1727)

MARC details
000 - LÍDER
campo de control de longitud fija 00834nam a2200205Ia 4500
008 - ELEMENTOS DE DATOS DE LONGITUD FIJA - INFORMACIÓN GENERAL
campo de control de longitud fija 0000001993 usa 0000000000eng00
090 ## - NÚMERO DE LLAMADA DE TIPO LC LOCALMENTE ASIGNADO (OCLC)
Número de clasificación (OCLC) (R) PUS00 G14d
100 1# - ENTRADA PRINCIPAL - NOMBRE PERSONAL
Nombre de la persona Gallati, Barbara Dayer
245 10 - TÍTULO DECLARACIÓN
Título David Bates
Declaración de responsabilidad / essays by Barbara Dayer Gallati ; curated by Dahlia Morgan
260 ## - PUBLICACIÓN, DISTRIBUCIÓN
Lugar de publicación Miami : The Art Museum
Fecha de publicación 1993
300 ## - DESCRIPCIÓN FÍSICA
Alcance 24 p.
Dimensiones / 30 cm.
500 ## - NOTA GENERAL
Nota general Exposición realizada en Art Museun de la Universidad Internacional de Florida, Miami, Abril 30 Mayo 29, 1993 \ Con el patronazgo del maestro venezolano Jesús Rafael Soto (q.e.p.d.)
600 00 - ENTRADA DE SUJETO AÑADIDO - NOMBRE PERSONAL
Nombre de la persona BATES, DAVID, 1952/
Subdivisión general TRABAJOS PICTORICOS
650 14 - ENTRADA DE SUJETO AÑADIDO - TÉRMINO TÓPICO
Término tópico o elemento de entrada del nombre geográfico ARTE CONTEMPORANEO ESTADOUNIDENSE
650 14 - ENTRADA DE SUJETO AÑADIDO - TÉRMINO TÓPICO
Subdivisión general CATALOGOS
650 14 - ENTRADA DE SUJETO AÑADIDO - TÉRMINO TÓPICO
Subdivisión general EXPOSICIONES
650 14 - ENTRADA DE SUJETO AÑADIDO - TÉRMINO TÓPICO
Término tópico o elemento de entrada del nombre geográfico PINTORES ESTADOUNIDENSES
650 14 - ENTRADA DE SUJETO AÑADIDO - TÉRMINO TÓPICO
Término tópico o elemento de entrada del nombre geográfico PINTURA ESTADOUNIDENSE
700 1# - ENTRADA AGREGADA - NOMBRE PERSONAL
Nombre de la persona Morgan, Dahlia
Holdings
Estado de retirada Pérdida de estatus Estado dañado No para préstamo Código de recogida Ubicación permanente Ubicación actual Ubicación de las estanterías Fecha de adquisición Número de llamada completo Código de barras Fecha de la última vez que se vio Número de copia Precio efectivo desde Tipo de artículo Koha
        General ArtNexus ArtNexus General 06/09/2022 P-US-00 G14D 1727 06/09/2022 Ej.1 06/09/2022 Libro

Powered by Koha